Dimensión religiosa de la educación en la escuela católica : orientaciones para la reflexión y revisión /
Saved in:
| Corporate Author: | |
|---|---|
| Other Authors: | , |
| Format: | Book |
| Language: | Español |
| Published: |
Roma, Italia :
Tipografía Políglota Vaticana,
1988
|
| Tags: |
No Tags, Be the first to tag this record!
|
MARC
| LEADER | 00000nam^a2200000^a^4500 | ||
|---|---|---|---|
| 001 | 000597101 | ||
| 005 | 20250521000000.0 | ||
| 009 | 20260310133119.283 | ||
| 025 | |a Donación Juan Lafarga Corona, 1 ejemplar | ||
| 037 | |a Acervo Xavier Clavigero | ||
| 041 | |a ESP | ||
| 091 | |a FLC. 00150 | ||
| 110 | |a Iglesia Católica. |b Congregación para la Educación Católica | ||
| 245 | 1 | 0 | |a Dimensión religiosa de la educación en la escuela católica : |b orientaciones para la reflexión y revisión / |
| 264 | 1 | |a Roma, Italia : |b Tipografía Políglota Vaticana, |c 1988 | |
| 264 | 2 | |a México? : |b Secretariado Nacional de Educación y Cultura [distribución], |c fecha no identificada | |
| 300 | |a 62 p. | ||
| 336 | |a texto |b txt |2 rdacontenido | ||
| 337 | |a sin mediación |b n |2 rdamedio | ||
| 338 | |a volumen |b nc |2 rdasoporte | ||
| 649 | |a XX | ||
| 700 | |a Baum, William Wakefield |e (epílogo) | ||
| 700 | |a Javierre Ortas, Antonio María |e (epílogo) | ||
| 910 | |a Fondo Juan Lafarga Corona S.J. | ||
| 920 | |a Impresos - Libros | ||
| 930 | |a Fondos Especiales | ||
| 905 | |a 145 | ||
| 901 | |a 597101-10 |b IT2 |c ESL |i D |u 20250521 | ||
| 902 | |a https://opac.biblio.iteso.mx/vufind/Record/000597101 | ||